Statistiken für Fußball-Rekordmeister nach Land (Südamerika)

Klicken Sie hier um das Quiz zu spielen!

Allgemein

  • Dieses Quiz wurde 105 mal gespielt
  • Das Durchschnittsergebnis liegt bei 3 aus 10

Antwortstatistiken

LandRekordmeister% Korrekt
ArgentinienCA River Plate
96%
ChileCSD Colo-Colo
61%
UruguayNacional Montevideo
30%
BrasilienPalmeiras Sao Paulo
30%
KolumbienAtletico Nacional
22%
VenezuelaFC Caracas
22%
ParaguayClub Olimpia
19%
EcuadorBarcelona Sporting Club
16%
BolivienClub Bolivar
14%
PeruUniversitario de Deportes
6%

Verteilung der Resultate

Perzentil nach korrekt beantworteten Fragen

Anzahl Personen mit jedem Resultat

Ihre Resultats-Entwicklung

Sie haben dieses Quiz noch nicht gespielt